| 000 -LEADER |
| fixed length control field |
00884nam a2200229Ia 4500 |
| 001 - CONTROL NUMBER |
| control field |
7827 |
| 003 - CONTROL NUMBER IDENTIFIER |
| control field |
GE_BSU |
| 005 - DATE AND TIME OF LATEST TRANSACTION |
| control field |
20221116110857.0 |
| 008 - FIXED-LENGTH DATA ELEMENTS--GENERAL INFORMATION |
| fixed length control field |
181216s1996||||enk|||||||||||||| ||eng|| |
| 020 ## - INTERNATIONAL STANDARD BOOK NUMBER |
| International Standard Book Number |
1559635142 x |
| 040 ## - CATALOGING SOURCE |
| Transcribing agency |
GE_BSU |
| 080 ## - UNIVERSAL DECIMAL CLASSIFICATION NUMBER |
| Universal Decimal Classification number |
551 D-80 |
| 100 ## - MAIN ENTRY--PERSONAL NAME |
| Personal name |
Dramstad, Wenche E. |
| 9 (RLIN) |
14768 |
| 245 ## - TITLE STATEMENT |
| Title |
Landscape Ecology Principles in Land Scape Architecture and Land-Use Planning / |
| Statement of responsibility, etc. |
Dramstad, Wenche; Olson, James D. ; Forman, Richard T.T. |
| 264 ## - PRODUCTION, PUBLICATION, DISTRIBUTION, MANUFACTURE, AND COPYRIGHT NOTICE |
| Place of production, publication, distribution, manufacture |
Cambridge, |
| Date of production, publication, distribution, manufacture, or copyright notice |
1996. |
| 300 ## - PHYSICAL DESCRIPTION |
| Extent |
80 p.: |
| Other physical details |
ill. ; |
| Dimensions |
23 cm. |
| 653 ## - INDEX TERM--UNCONTROLLED |
| keyword |
ლანდშაფტის ეკოლოგიის პრინციპები მიწაში |
| 653 ## - INDEX TERM--UNCONTROLLED |
| keyword |
Принципы ландшафтной экологии на суше |
| 700 ## - ADDED ENTRY--PERSONAL NAME |
| Personal name |
Olson, James D. |
| Relator term |
ავტორი |
| 9 (RLIN) |
14770 |
| 700 ## - ADDED ENTRY--PERSONAL NAME |
| Personal name |
Forman, Richard T.T. |
| Relator term |
ავტორი |
| 9 (RLIN) |
14771 |
| 942 ## - ADDED ENTRY ELEMENTS (KOHA) |
| Koha item type |
წიგნი |
| Source of classification or shelving scheme |
|